00807cam a22002051i 450000100100000000500170001000800410002704000250006808200190009310000350011224500540014726000380020130000210023949000280026065000260028865000300031495201170034495201230046199900170058400001829920200929165437.0770331s1964 fr 000 1 fre  aDO-SdBNPbspacBNPHU a843.914bC617c1 aClavel, Bernard,d1923-93962313aLe cceur des vivants :broman. /cBernard Clavel. aParís :bRobert Laffont,c1964. a336 p. ;c20 cm.1 aLa grande patience ;v3 4aNovela francesa91075 4aLiteratura francesa91074 001050718MOaGRbGRcHDd2010-04-27iLF1l0o843.914 C617cp18299-10r2020-06-25w2020-06-25y1ZNo se presta 001150718MOaGRbGRcMId2017-04-19iLF1l0o843.914 C617cp18299-20r2020-06-25te. 2w2020-06-25y1ZNo se presta c17820d17820